00654 a2200181 4500020001500000040001300015082001000028100002000038245005200058246003500110260005800145300002400203490002800227500005200255700002000307830005400327856009100381 a0192840819 aDLCbDLC04a824.31 aBacon, Francis,14aThe major works cFrancis Bacon, Brian Vickers.30aFrancis Bacon, the major works aOxford ;aNew York :bOxford University Press,c2002. al, 813 p. ;c20 cm.1 aOxford world's classics a"Including New Atlantis and the Essays"--Cover.1 aVickers, Brian. 0aOxford world's classics (Oxford University Press)423Publisher descriptionuhttp://www.loc.gov/catdir/enhancements/fy0614/2002727711-d.html